000 00879cab a2200229 4500
001 WB3034-49
008 090401t1994 xxu||||| |||| 00| 0 eng d
035 _a(Sirsi) u47171
041 _aeng
245 _aPII insurance regulations
260 _c1994
350 _a0
490 _aCSM (Chartered Surveyor Monthly)
_v3(11) September 1994, 9(1)
520 _aThe RICS general council has agreed two new and important changes to the Compulsory Professional Indemnity Insurance Regulations covering the minimum limits of insurance and the presentation of certificates.
650 _aRICS PROFESSIONAL INDEMNITY INSURANCE RULES
650 _aCOMPULSORY PROFESSIONAL INDEMNITY INSURANCE
650 _aCPII REGULATIONS
650 _aPROFESSIONAL INDEMNITY INSURANCE
690 _aMANAGEMENT-BUSINESS MANAGEMENT-PROFESSIONAL PRACTICE
942 _n0
948 _c04/03/1997
999 _c29754
_d29754